Statistics for Incorporated Cities In WA - by Population - 2101 Estimate

Click here to take the quiz!

General Stats

  • This quiz has been taken 4 times
  • The average score is 116 of 281

Answer Stats

#CountyTypePopulationCity% Correct
19King, PierceCode102,896Auburn
100%
5KingCode225,996Bellevue
100%
9WhatcomFirst Class (County Seat)212,388Bellingham
100%
10SnohomishFirst Class (County Seat)207,046Everett
100%
18KingCode110,730Federal Way
100%
11KingCode204,412Kent
100%
7KingCode220,290Kirkland
100%
24ThurstonCode (County Seat)70,562Olympia
100%
1KingFirst Class (County Seat)1,876,010Seattle
100%
22KingCode83,728Shoreline
100%
3SpokaneFirst Class (County Seat)329,186Spokane
100%
6SpokaneCode222,424Spokane Valley
100%
4PierceFirst Class (County Seat)301,804Tacoma
100%
15YakimaFirst Class (County Seat)142,382Yakima
100%
79Grays HarborFirst Class17,683Aberdeen
75%
26King, SnohomishCode62,051Bothell
75%
31KitsapCode54,855Bremerton
75%
45KingCode36,608Des Moines
75%
33SnohomishCode48,023Edmonds
75%
32KingCode52,441Issaquah
75%
14BentonCode152,744Kennewick
75%
8ThurstonCode212,934Lacey
75%
25PierceCode68,992Lakewood
75%
27SnohomishCode60,788Lynnwood
75%
39KingCode40,383Maple Valley
75%
20SnohomishCode101,374Marysville
75%
60KingCode26,268Mercer Island
75%
56SnohomishCode27,966Mill Creek
75%
54SnohomishCode28,609Monroe
75%
35SnohomishCode46,526Mountlake Terrace
75%
67SnohomishCode22,058Mukilteo
75%
75KingCode18,947Newcastle
75%
88KingCode14,051North Bend
75%
12FranklinFirst Class (County Seat)189,752Pasco
75%
34PierceCode47,443Puyallup
75%
13KingCode187,574Redmond
75%
16KingCode136,890Renton
75%
17BentonFirst Class135,080Richland
75%
50KingCode34,314SeaTac
75%
98SnohomishCode12,166Snohomish
75%
2ClarkFirst Class (County Seat)425,410Vancouver
75%
43ChelanCode (County Seat)38,325Wenatchee
75%
70SkagitCode21,467Anacortes
50%
42SnohomishCode38,588Arlington
50%
185AsotinCode (County Seat)1,771Asotin
50%
51ClarkCode32,413Battle Ground
50%
95BentonCode12,416Benton City
50%
106WhatcomCode10,144Blaine
50%
44PierceCode36,750Bonney Lake
50%
177OkanoganCode2,103Brewster
50%
173DouglasCode2,281Bridgeport
50%
30KingCode57,006Burien
50%
81SkagitCode16,682Burlington
50%
40ClarkCode39,615Camas
50%
162KingCode2,828Carnation
50%
136ChelanCode4,318Cashmere
50%
166CowlitzCode2,586Castle Rock
50%
74LewisCode20,353Centralia
50%
126ChelanCode6,702Chelan
50%
153KittitasCode3,137Cle Elum
50%
215SkagitTown891Concrete
50%
231GrantTown659Coulee City
50%
167IslandTown (County Seat)2,472Coupeville
50%
182SnohomishTown1,892Darrington
50%
92KingCode12,994Duvall
50%
68KittitasCode (County Seat)21,827Ellensburg
50%
104GrantCode (County Seat)10,607Ephrata
50%
130WhatcomCode5,358Everson
50%
57WhatcomCode27,868Ferndale
50%
94PierceCode12,509Fife
50%
145San JuanTown (County Seat)3,633Friday Harbor
50%
66PierceCode22,339Gig Harbor
50%
195SnohomishCode1,423Gold Bar
50%
216GrantCode852Grand Coulee
50%
87YakimaCode14,310Grandview
50%
119SnohomishCode7,700Granite Falls
50%
112Grays HarborCode8,966Hoquiam
50%
58KingCode27,074Kenmore
50%
203SkagitTown1,215La Conner
50%
89KingCode13,930Lake Forest Park
50%
21SnohomishCode91,930Lake Stevens
50%
129ChelanCode5,533Leavenworth
50%
176PacificCode2,108Long Beach
50%
37CowlitzCode40,938Longview
50%
64WhatcomCode23,459Lynden
50%
131SpokaneCode5,284Medical Lake
50%
159KingCode3,015Medina
50%
114Pierce, KingCode8,877Milton
50%
47GrantCode35,786Moses Lake
50%
41SkagitCode (County Seat)38,929Mount Vernon
50%
170WhatcomCode2,361Nooksack
50%
61IslandCode26,202Oak Harbor
50%
90Grays HarborCode13,365Ocean Shores
50%
164OkanoganCode (County Seat)2,789Okanogan
50%
180OkanoganCode1,945Oroville
50%
109PierceCode9,731Orting
50%
72AdamsCode20,861Othello
50%
120King, PierceCode7,585Pacific
50%
65ClallamCode (County Seat)22,760Port Angeles
50%
48KitsapSecond Class (County Seat)34,517Port Orchard
50%
100JeffersonCode (County Seat)11,968Port Townsend
50%
49WhitmanCode34,491Pullman
50%
151PacificCode3,371Raymond
50%
207FerryCode (County Seat)1,072Republic
50%
23KingCode75,705Sammamish
50%
80SkagitCode17,211Sedro-Woolley
50%
101ClallamCode11,284Sequim
50%
268KingTown201Skykomish
50%
78KingCode17,911Snoqualmie
50%
168GrantCode2,431Soap Lake
50%
82SnohomishCode16,505Stanwood
50%
118PierceTown7,707Steilacoom
50%
71SnohomishCode20,986Sultan
50%
155WhatcomCode3,115Sumas
50%
96PierceCode12,411Sumner
50%
77YakimaCode17,925Sunnyside
50%
213OkanoganCode923Tonasket
50%
52KingCode31,618Tukwila
50%
38ThurstonCode40,843Tumwater
50%
122YakimaCode7,428Union Gap
50%
46Walla WallaCode (County Seat)36,560Walla Walla
50%
157Grays HarborCode3,033Westport
50%
214LincolnTown895Wilbur
50%
190SnohomishCode1,538Woodway
50%
206KingTown1,144Yarrow Point
50%
85SpokaneCode15,987Airway Heights
25%
245WhitmanTown450Albion
25%
148KingCode3,540Algona
25%
252LincolnTown338Almira
25%
55KitsapCode28,375Bainbridge Island
25%
255KingTown297Beaux Arts Village
25%
222KlickitatCode798Bingen
25%
59KingCode26,527Black Diamond
25%
123SnohomishCode7,060Brier
25%
110PierceCode9,524Buckley
25%
221ThurstonTown800Bucoda
25%
217PierceTown844Carbonado
25%
227WahkiakumTown (County Seat)710Cathlamet
25%
124LewisCode (County Seat)7,049Chehalis
25%
97SpokaneCode12,305Cheney
25%
147StevensCode3,570Chewelah
25%
115AsotinCode8,754Clarkston
25%
158KingCode3,016Clyde Hill
25%
163WhitmanSecond Class (County Seat)2,812Colfax
25%
108Walla WallaCode9,782College Place
25%
240WhitmanTown491Colton
25%
134StevensSecond Class (County Seat)4,997Colville
25%
266OkanoganTown213Conconully
25%
232FranklinCode631Connell
25%
179Grays HarborCode1,958Cosmopolis
25%
204Okanogan, Douglas, GrantTown1,201Coulee Dam
25%
53KingCode29,007Covington
25%
258LincolnTown283Creston
25%
272Pend OreilleTown173Cusick
25%
181LincolnSecond Class (County Seat)1,923Davenport
25%
169ColumbiaCode (County Seat)2,418Dayton
25%
107SpokaneCode9,803Deer Park
25%
105PierceCode10,441DuPont
25%
86DouglasCode14,678East Wenatchee
25%
150PierceTown3,395Eatonville
25%
62PierceCode24,957Edgewood
25%
210GrantCode1,046Electric City
25%
142Grays HarborCode3,858Elma
25%
254OkanoganTown299Elmer City
25%
256WhitmanTown292Endicott
25%
188ChelanCode1,666Entiat
25%
76King, PierceCode18,013Enumclaw
25%
228SpokaneTown699Fairfield
25%
264WhitmanTown221Farmington
25%
117PierceCode7,946Fircrest
25%
141ClallamCode3,935Forks
25%
235WhitmanTown592Garfield
25%
189GrantCode1,569George
25%
143KlickitatCode (County Seat)3,773Goldendale
25%
132YakimaCode5,134Granger
25%
262SkagitTown259Hamilton
25%
237YakimaTown535Harrah
25%
241LincolnCode489Harrington
25%
271GrantTown180Hartline
25%
279AdamsTown106Hatton
25%
242KingTown487Hunts Point
25%
199PacificCode1,317Ilwaco
25%
273SnohomishTown155Index
25%
250Pend OreilleTown398Ione
25%
277FranklinCode127Kahlotus
25%
140CowlitzCode4,060Kalama
25%
91CowlitzCode (County seat)13,020Kelso
25%
187StevensCode1,676Kettle Falls
25%
192KittitasCode1,458Kittitas
25%
280GrantTown9Krupp
25%
116ClarkCode8,084La Center
25%
261WhitmanTown277LaCrosse
25%
275WhitmanTown139Lamont
25%
198IslandCode1,327Langley
25%
269SpokaneTown185Latah
25%
63SpokaneCode23,473Liberty Lake
25%
238AdamsTown535Lind
25%
247SkagitTown443Lyman
25%
178YakimaCode2,019Mabton
25%
281WhitmanTown0Malden
25%
251DouglasTown366Mansfield
25%
267StevensTown206Marcus
25%
128GrantCode5,735Mattawa
25%
152Grays HarborCode3,227McCleary
25%
248FranklinCode435Mesa
25%
274Pend OreilleTown142Metaline
25%
253Pend OreilleTown302Metaline Falls
25%
172SpokaneCode2,321Millwood
25%
144Grays HarborCode (County Seat)3,658Montesano
25%
191LewisCode1,476Morton
25%
212LewisCode938Mossyrock
25%
113YakimaCode8,916Moxee
25%
194YakimaTown1,444Naches
25%
160LewisCode2,958Napavine
25%
263OkanoganTown230Nespelem
25%
171Pend OreilleCode (County Seat)2,324Newport
25%
121KingCode7,461Normandy Park
25%
208SkamaniaCode1,065North Bonneville
25%
260StevensTown277Northport
25%
246WhitmanTown445Oakesdale
25%
226Grays HarborCode765Oakville
25%
219LincolnTown836Odessa
25%
127OkanoganCode6,060Omak
25%
196WhitmanSecond Class1,365Palouse
25%
234OkanoganCode613Pateros
25%
224LewisTown772Pe Ell
25%
193GarfieldCode (County Seat)1,449Pomeroy
25%
84KitsapCode16,225Poulsbo
25%
249Walla WallaCode402Prescott
25%
83BentonCode (County Seat)16,403Prosser
25%
93GrantCode12,763Quincy
25%
137ThurstonCode4,229Rainier
25%
225LincolnTown767Reardan
25%
28ClarkCode58,875Ridgefield
25%
174AdamsSecond Class (County Seat)2,253Ritzville
25%
257OkanoganTown289Riverside
25%
211SpokaneTown1,002Rockford
25%
139DouglasCode4,189Rock Island
25%
243WhitmanTown468Rosalia
25%
209KittitasCode1,050Roslyn
25%
220PierceCode806Roy
25%
154GrantCode3,116Royal City
25%
205PierceCode1,155Ruston
25%
102YakimaCode11,123Selah
25%
103MasonCode (County Seat)10,861Shelton
25%
183PacificCode (County Seat)1,836South Bend
25%
233KittitasTown619South Cle Elum
25%
156PierceTown3,093South Prairie
25%
259SpokaneCode280Spangle
25%
236LincolnCode545Sprague
25%
223StevensTown794Springdale
25%
276ColumbiaTown129Starbuck
25%
175SkamaniaCode (County Seat)2,231Stevenson
25%
230WhitmanTown659St. John
25%
229WhitmanTown697Tekoa
25%
146ThurstonCode3,620Tenino
25%
161YakimaCode2,949Tieton
25%
200LewisCode1,271Toledo
25%
111YakimaCode9,314Toppenish
25%
184OkanoganTown1,822Twisp
25%
239WhitmanTown499Uniontown
25%
36PierceCode42,006University Place
25%
218LewisCode839Vader
25%
197Walla WallaUnclassified1,356Waitsburg
25%
135YakimaSecond Class4,737Wapato
25%
138GrantCode4,209Warden
25%
69ClarkCode21,549Washougal
25%
270AdamsTown184Washtucna
25%
202DouglasTown (County Seat)1,244Waterville
25%
278SpokaneTown111Waverly
25%
29BentonCode58,010West Richland
25%
165KlickitatCode2,635White Salmon
25%
244PierceTown459Wilkeson
25%
265GrantTown214Wilson Creek
25%
133LewisCode5,102Winlock
25%
201OkanoganTown1,264Winthrop
25%
73KingCode20,679Woodinville
25%
125Cowlitz, ClarkCode6,921Woodland
25%
186ClarkTown1,688Yacolt
25%
99ThurstonCode12,147Yelm
25%
149YakimaCode3,539Zillah
25%

Score Distribution

Percentile by Number Answered

Percent of People with Each Score

Your Score History

You have not taken this quiz